000 00508 a2200169 4500
005 20250618151156.0
020 _a978-0-85702-041-3
082 _a658 CLE
100 _aCLEGG,S.
245 _aManaging & Organizations: An Introduction Theory & Practice
250 _a3rd Ed.
260 _aLondon,
_bSage Publications Ltd,
_c2011.
300 _axxix,682p.:ill.;figures,pictures, tables
_bBibliography,Glossary and Index
_c24.5cm
700 _aKornberger,Martin
700 _aPitsis, Tyrone
942 _2ddc
_cBKS
999 _c4320
_d4320